| 000 | 00647nam a2200193 a 4500 | ||
|---|---|---|---|
| 005 | 20250430063805.0 | ||
| 008 | 030516s1993 mx r 000 0 spa d | ||
| 035 | _aUPN01000124302 | ||
| 049 | _aCG | ||
| 050 | 4 |
_aPN4775 _bS5.4 |
|
| 111 | 2 |
_aSimposio Internacional de Editores de Periódicos Diarios _n2o. : _d1993, 3-5 jun. : _cMéxico |
|
| 245 | 1 | 0 | _a2o. Simposio internacional de editores de periódicos diarios |
| 260 |
_aMéxico : _bAEDIRMEX, _c1993. |
||
| 300 | _a268 p. | ||
| 650 | 4 |
_aPERIODISMO - _vCONGRESOS |
|
| 650 | 4 |
_aPeriodismo _910230 |
|
| 740 | 0 | _aSegundo simposio internacional de editores de periódicos diarios | |
| 905 | _aLibro | ||
| 999 |
_c96481 _d96481 |
||